| 000 | 01672nam0a2200361 4500 | ||
|---|---|---|---|
| 001 | RU\NLR\bibl\2030934 | ||
| 005 | 20260406023311.0 | ||
| 010 | _a978-5-397-03852-2 | ||
| 021 |
_aRU _b2013-28995 _91996 |
||
| 035 | _a(NLR Aleph) 002018805 | ||
| 090 |
_a4494529 _c4494529 |
||
| 100 | _a20130506d2013 |||y0rusy50 ca | ||
| 101 | 0 |
_arus _aeng |
|
| 102 | _aRU | ||
| 105 | _aa ||||||||| | ||
| 200 | 1 |
_aЯзыковая личность. От слова к тексту _eна материале англоязычного дискурса _f[Волкова С.Б., Гарагуля С.И., Залесова Н.М. и др.] _gотв. ред.: д.филол.н. Т.А. Комова и д.филол.н. С.И. Гарагуля |
|
| 210 |
_aМосква _cURSS _cЛИБРОКОМ _d2013 |
||
| 215 |
_a246 с. _cил. _d22 |
||
| 300 | _aАвт. указаны на обороте тит. л. | ||
| 606 | 1 |
_aЯзыковая личность _92430061 _3RU\NLR\auth\661446479 |
|
| 686 | _aШ100.33 | ||
| 686 | _aШ100.42 | ||
| 701 | 1 |
_4070 _7ca _8rus _aВолкова _bС. Б. _cканд. филол. наук, герм. языки _gСветлана Борисовна _3RU\NLR\AUTH\77124231 _9107156 |
|
| 701 | 1 |
_4070 _8rus _7ca _aГарагуля _bС. И. _gСергей Иванович _3RU\NLR\auth\77124850 _9107775 |
|
| 701 | 1 |
_aЗалесова _bН. М. _gНаталья Михайловна _4070 |
|
| 702 | 1 |
_4280 _8rus _7ca _aКомова _bТ.А. _f1944-2016 _gТатьяна Андреевна _3RU\NLR\AUTH\7723572 _96625 |
|
| 801 | 0 |
_aRU _bNLR _c20130506 _gRCR |
|
| 801 | 1 |
_aRU _bNLR _c20130506 |
|
| 942 | _cBOOK | ||
| 980 | _aNBR | ||
| 980 | _aNB | ||